000 00338nam a2200133Ia 4500
008 240624s9999 xx 000 0 und d
041 _aeng
082 _a658.827 KAP
100 _aKAPFERER JEAN NOEL
245 _aKAPFERER ON LUXURY HOW LUXURY BRANDS CAN
260 _c2015
_aNew Delhi
_bKogan Page
300 _a240 : p.
365 _c
_b30
999 _c25347
_d25347